|
|
|
|
| LEADER |
00000nam a2200000 a 4500 |
| 001 |
vtls001393840 |
| 003 |
SK-MaSNL |
| 005 |
20260331204359.0 |
| 008 |
160415s1999 xo r 0 slo |
| 015 |
|
|
|a SNBH2000/03-01235
|
| 020 |
|
|
|a 8088884160
|
| 035 |
|
|
|a SNK000348157
|
| 040 |
|
|
|a SNK
|b slo
|c SNK
|e AACR2
|
| 041 |
0 |
|
|a slo
|
| 044 |
|
|
|a xo
|c SK
|
| 080 |
|
|
|a 786.2.082.2
|2 1981
|
| 100 |
1 |
|
|a Albrecht, Alexander,
|d 1885-1958
|4 skl
|9 36870
|
| 245 |
1 |
|
|a Sonáta F dur pre klavír
|h hudobnina
|c Alexander Albrecht
|
| 246 |
1 |
0 |
|a Sonata F major for piano
|
| 246 |
1 |
0 |
|a Sonate F-dur für Klavier
|
| 260 |
|
|
|a Bratislava
|b Hudobné centrum
|c 1999
|
| 300 |
|
|
|a 1 partitúra (34 s.)
|c 31x23 cm
|
| 500 |
|
|
|a HC 9903
|
| 500 |
|
|
|a Súbežný názov angl., nem.
|
| 650 |
0 |
7 |
|a inštrumentálna tvorba
|x sonáty
|x klavír
|2 SNK
|9 295748
|
| 650 |
0 |
7 |
|a sonáty (klavír)
|2 SNK
|9 57412
|
| 919 |
|
|
|a 80-88884-16-0
|
| 924 |
|
|
|a klavír
|
| 958 |
|
|
|a HHU
|
| 958 |
|
|
|a TL
|
| 999 |
|
|
|c 551874
|d 553804
|
| 952 |
|
|
|t P60, <03>, [BOOK], {603}
|a SNK
|b SNK
|y PREZ
|7 0
|p 17A0259322
|o snkHSB 3502
|i snkKSP 7895/2000
|0 0
|1 0
|4 0
|d 2000-08-03
|l 0
|r 2005-01-02 00:00:00
|w 2026-02-23
|
| 952 |
|
|
|t P60, <04>, [BOOK], {604}
|a SNK
|b SNK
|y VYP
|7 0
|p 17A0247438
|o snkHSB 3502 D1
|i snkKSP 7896/2000
|0 0
|1 0
|4 0
|d 2000-08-03
|l 0
|r 2005-01-02 00:00:00
|w 2026-02-23
|